Les Traitres - M6 - Saison 4 - Statistiques

Statistiques générales
  • Ce quiz a été pris 42 fois
  • Le résultat moyen est 12 sur 20
Statistiques - réponses
Statut Occupation Rôle Candidats % Correct
Vainqueur Ancien footballeur international et champion du monde en 2018 Traitre Adil Rami
100%
Éliminée (Conseil Final) Chanteuse, fille de Bernard Tapie Taritre Sophie Tapie
97%
Éliminé (Traitres) Youtubeur et fils de Frank Lebœuf Loyal Hugo Leboeuf
82%
Abandon Influenceuse, fille de Frank Lebœuf Loyale Jade Leboeuf
79%
Éliminée (Conseil Final) Écrivaine, veuve de Bernard Tapie Loyale Dominique Tapie
76%
Éliminé (Conseil Final) Chorégraphe, ancien danseur professionnel de Danse avec les stars Loyal Anthony Colette
64%
Éliminé (Traîtres) Ancien aventurier de Koh-Lanta et animateur de télévision Loyal Laurent Maistret
64%
Deuxièmes Ancienne tenniswoman, écrivaine et consultante sportive Loyale Alizé Cornet
61%
Éliminé (Conseil) Chanteuse, imitatrice et comédienne Traitre Liane Foly
61%
Éliminé (Conseil) TikTokeur Traitre Logfive
61%
Éliminé (Conseil) Chanteuse et ancienne professeure de chant de la Star Academy Loyale Adeline Toniutti
52%
Éliminé (Conseil) Rappeur Loyal Seth Gueko
52%
Éliminé (Taritres) Journaliste, consultant sportif, chroniqueur et animateur de télévision Loyal Yoann Riou
52%
Deuxièmes Influenceuse Loyale Rose THR
48%
Éliminé (Conseil) Pasteur Loyal Cospiel
45%
Éliminé (Conseil) Mannequin et acteur Loyal Terence Telle
45%
Éliminé (Conseil) Chanteuse de bossa brésilienne Loyale Bianca Costa
42%
Éliminé (Traitres) Avocate, chroniqueuse et femme politique Loyale Raquel Garrido
42%
Éliminé (Traitres) Acteur Loyal Francis Huster
36%
Éliminé (Conseil Final) Humoriste Loyal Nicolas Lacroix
33%
Aucun quiz correspondant
Distribution des résultats
% des personnes avec chaque résultat
Percentile par nombre de réponses
Votre historique - résultats
Vous n’avez pas pris ce quiz